000 00955nam a2200217Ia 4500
003 Ost
005 20260507075332.0
008 260507s9999||||xx |||||||||||||| ||und||
020 _a52844999579
040 _cfsecg
041 _aara
082 _a330
100 _aمحمود، محمد نائف
_eمؤلف
245 0 _aالاقتصاد المعرفي /
_c محمد نائف محمود
260 _aعمان:
_bالاكادميون للنشر و التوزيع,
_c2011
300 _a231 صفحة؛
_bإيضاحات ؛
_c25 سم
520 _aنظرية المعرفة ، الاقتصاد المعرفي ، العوامل المؤثرة في محددات الاقتصاد المعرفي : الحوافز الاقتصادية و النظام المؤسسي و الحوكمة ، الابداع ، التعليم ، تقنية المعلومات و الاتصالات
653 _aالاقتصاد
653 _aالمعرفة
942 _cكتاب
999 _c44012
_d44012